| 000 | 00312nam a2200109 4500 | ||
|---|---|---|---|
| 008 | 160704b xxu||||| |||| 00| 0 eng d | ||
| 100 |
_91996 _a Sinha, N |
||
| 245 | _aMystery of the Falling Mountains | ||
| 260 |
_aN.D _b Children Book Trust _c2004 |
||
| 300 | _aMystery of the Falling Mountains | ||
| 942 |
_2ddc _cBK |
||
| 999 |
_c1695 _d1695 |
||